| 000 | 00471nam a2200145Ia 4500 | ||
|---|---|---|---|
| 003 | OSt | ||
| 005 | 20260128111153.0 | ||
| 008 | 211028s2017 xx 000 0 und d | ||
| 040 | _cAIMIT LIBRARY | ||
| 041 | _aeng | ||
| 100 |
_aVarshitha S; Godwin, Benny. _g1516174 _97745 |
||
| 245 | _aProject report on epitopes of guests loyalty - an hypothetico deductive approach at le Ruchi the prince hotel Mysore / | ||
| 260 |
_aMangalore _bBenny Godwin. _c2017 |
||
| 942 |
_2ddc _cPRO |
||
| 999 |
_c219313 _d219313 |
||